| 000 | 00355nam a22001577a 4500 | ||
|---|---|---|---|
| 003 | SGT | ||
| 020 | _a81-7040-495-9 | ||
| 082 |
_a301.072 _bM92B |
||
| 100 | _aBHANDARKAR,P.L | ||
| 245 | _aMETHODLOGY AND TECHNIQUES OF SOCIAL RESEARCH | ||
| 250 | _a9TH | ||
| 260 |
_aBOMBAY _bHIMALAYA PUB _c1992 |
||
| 300 | _a456 | ||
| 650 | _aPHARMACY | ||
| 942 |
_2ddc _cBK |
||
| 999 |
_c11229 _d11229 |
||